| 000 | 00827cam a22002535a 4500 | ||
|---|---|---|---|
| 001 | 13167598 | ||
| 005 | 20201128024121.0 | ||
| 008 | 030418t2003 ne a frb 001 0 eng d | ||
| 020 | _a1555583067 | ||
| 020 | _a9781555583064 | ||
| 040 |
_aDLC _cDLC _dDLC _dEG-ScBUE _beng |
||
| 082 | 0 | 4 |
_222 _a005.8 _bRIT |
| 100 | 1 | _aRittinghouse, John W. | |
| 245 | 1 | 0 |
_aCybersecurity operations handbook / _cJohn W. Rittinghouse, William M. Hancock. |
| 260 |
_aAmsterdam : _bElsevier Digital Press, _cc.2003. |
||
| 300 |
_axli, 1287 p. : _bill. ; _c26 cm. |
||
| 504 | _aIncludes bibliographical references and index. | ||
| 650 | 7 |
_aComputer security. _2BUEsh _92637 |
|
| 650 | 7 |
_aComputer networks _xSecurity measures. _2BUEsh _92634 |
|
| 651 | _2BUEsh | ||
| 653 |
_bCOMSCI _cJanuary2017 |
||
| 700 | 1 |
_aHancock, Bill, _d1957- |
|
| 942 | _2ddc | ||
| 999 |
_c23915 _d23887 |
||